Gemstones of the World (Record no. 60709)
[ view plain ]
| 000 -LEADER | |
|---|---|
| fixed length control field | 00476nam a22001937a 4500 |
| 005 - DATE & TIME | |
| control field | 20260423153421.0 |
| 008 - FIXED-LENGTH DATA ELEMENTS--GENERAL INFORMATION | |
| fixed length control field | 260423b |||||||| |||| 00| 0 eng d |
| 020 ## - ISBN | |
| International Standard Book Number | 9781454909538 |
| Price | 2702.70 |
| 040 ## - CATALOGING SOURCE | |
| Original cataloging agency | Doon University |
| 041 ## - Language | |
| Language | English |
| 082 ## - DDC NUMBER | |
| Classification number | 553.22 |
| Book Number | SCH |
| 100 ## - MAIN ENTRY--PERSONAL NAME | |
| Personal name | Schumann, Walter |
| 245 ## - TITLE STATEMENT | |
| Title | Gemstones of the World |
| 250 ## - EDITION STATEMENT | |
| Edition statement | 5th |
| 260 ## - PUBLICATION, DISTRIBUTION, ETC. (IMPRINT) | |
| Place of publication, distribution, etc | New York |
| Name of publisher, distributor, etc | Union Square |
| Date of publication, distribution, etc | 2019 |
| 300 ## - PHYSICAL DESCRIPTION | |
| Pages | 319 |
| 650 ## - Subject | |
| Subject | Geology (PM USHA) |
| 942 ## - ADDED ENTRY ELEMENTS (KOHA) | |
| Koha item type | Books |
| 100 ## - MAIN ENTRY--PERSONAL NAME | |
| -- | 26713 |
| 650 ## - Subject | |
| -- | 26712 |
| 952 ## - LOCATION AND ITEM INFORMATION (KOHA) | |
| -- | 2026-04-23 |
| 952 ## - LOCATION AND ITEM INFORMATION (KOHA) | |
| -- | 2026-04-23 |
| Withdrawn status | Lost status | Source of classification or shelving scheme | Damaged status | Not for loan | Location (home branch) | Sublocation or collection (holding branch) | Date acquired | Koha issues (times borrowed) | Koha full call number | Accession No. | Koha date last seen | Koha item type |
|---|---|---|---|---|---|---|---|---|---|---|---|---|
| Doon University | Doon University | 23.04.2026 | 553.22 SCH | 32935 | 23.04.2026 | Books | ||||||
| Doon University | Doon University | 23.04.2026 | 553.22 SCH | 32936 | 23.04.2026 | Books |